|
|
|
|
| LEADER |
00000cam a22000004a 4500 |
| 001 |
musev2_14835 |
| 003 |
MdBmJHUP |
| 005 |
20230905041624.0 |
| 006 |
m o d |
| 007 |
cr||||||||nn|n |
| 008 |
100701s2010 nmu o 00 0 spa d |
| 010 |
|
|
|z 2010026532
|
| 020 |
|
|
|a 9780826350084
|
| 020 |
|
|
|z 0826350089
|
| 020 |
|
|
|z 9780826350060
|
| 020 |
|
|
|z 0826350062
|
| 035 |
|
|
|a (OCoLC)779175882
|
| 040 |
|
|
|a MdBmJHUP
|c MdBmJHUP
|
| 041 |
1 |
|
|a spa
|h eng
|
| 043 |
|
|
|a n-mx---
|
| 050 |
0 |
4 |
|a F1219.56.M33
|b C3817 2010
|
| 082 |
0 |
|
|a 972/.48
|2 22
|
| 245 |
1 |
0 |
|a Cueva, ciudad y nido de águila :
|b Una travesia interpretativa por el Mapa de Cuahtinchan num. 2 /
|c editado por David Carrasco y Scott Sessions.
|
| 264 |
|
1 |
|a Albuquerque :
|b University of New Mexico Press,
|c 2010.
|
| 264 |
|
3 |
|a Baltimore, Md. :
|b Project MUSE,
|c 2012
|
| 264 |
|
4 |
|c ©2010.
|
| 300 |
|
|
|a 1 online resource (503 pages).
|
| 336 |
|
|
|a text
|b txt
|2 rdacontent
|
| 337 |
|
|
|a computer
|b c
|2 rdamedia
|
| 338 |
|
|
|a online resource
|b cr
|2 rdacarrier
|
| 500 |
|
|
|a "Publicado en colaboración con la Fundación Amparo y el David Rockefeller Center for Latin American Studies y el Peabody Museum of Archaeology and Ethnology, Harvard University."
|
| 504 |
|
|
|a Includes bibliographical references and index.
|
| 588 |
|
|
|a Description based on print version record.
|
| 630 |
0 |
0 |
|a Mapa de Cuauhtinchan núm. 2
|
| 650 |
|
0 |
|a Chichimecs
|z Mexico
|z Cuautinchán
|x Social life and customs
|v Sources.
|
| 650 |
|
0 |
|a Chichimecs
|z Mexico
|z Cuautinchán
|x Origin
|v Sources.
|
| 650 |
|
0 |
|a Chichimecs
|z Mexico
|z Cuautinchán
|x History
|v Sources.
|
| 651 |
|
0 |
|a Cuautinchán (Mexico)
|x Social life and customs
|v Sources.
|
| 651 |
|
0 |
|a Cuautinchán (Mexico)
|x History
|v Sources.
|
| 655 |
|
7 |
|a Electronic books.
|2 local
|
| 700 |
1 |
|
|a Sessions, Scott.
|
| 700 |
1 |
|
|a Carrasco, David.
|
| 710 |
2 |
|
|a Project Muse.
|e distributor
|
| 830 |
|
0 |
|a Book collections on Project MUSE.
|
| 856 |
4 |
0 |
|z Texto completo
|u https://projectmuse.uam.elogim.com/book/14835/
|
| 945 |
|
|
|a Project MUSE - Custom Collection
|
| 945 |
|
|
|a Project MUSE - 2010 Archaeology and Anthropology
|
| 945 |
|
|
|a Project MUSE - Archive Latin American and Caribbean Studies Foundation
|
| 945 |
|
|
|a Project MUSE - 2010 Complete
|